000 02167nam a2200229 a 4500
001 ASIN1595581790
005 20170105102909.0
008 131025s2007 xxu eng d
020 _a1595581790 (hardcover)
_c$26.95
020 _a9781595581792 (hardcover)
040 _a0
050 0 4 _aHV6431
082 0 4 _a363.325
100 1 _aCarr, Matthew.
245 1 4 _aThe infernal machine :
_ba history of terrorism /
_cMatthew Carr.
260 _a[S.l.] :
_bThe New Press,
_c2007.
300 _a410 p. ;
_c24 cm.
520 _aA dramatic reframing of our troubled present against a century full of striking historical parallels. In 1881, a small group of Russian revolutionaries calling themselves "terrorists" assassinated Tsar Alexander II in a spectacular bombing attack in St. Petersburg. Far from being psychopathic murderers, these men and women viewed their actions as a just response to tyranny. The violence in Russia launched a crucial but poorly understood chapter in modern political history. With extraordinary narrative sweep, investigative journalist Matthew Carr unearths the complex realities of terrorist violence and its indelible impact on nations as different as Italy, Argentina, France, Algeria, Ireland, Russia, Japan, and the United States. Spanning over a century of world history, The Infernal Machine reveals stunning similarities in societies' responses to terrorism despite profound political and cultural differences. Again and again, Carr demonstrates that the true impact of terrorism has been felt in the overreactions of government and the media to acts of political violence, as rulers have consistently seized on terrorist attacks as a pretext for a massive counterassault, sacrificing civil liberties and curtailing democratic institutions in the name of security. Includes historical accounts of: IRA, Mau Mau, Red Brigades, Baader-Meinhof Gang, PLO, National Liberation Front of Algeria, The Weathermen, ETA/Basque separatists, Carlos the Jackal, Hezbollah, The Tamil Tigers, Al-Qaeda.
650 0 _aTerrorism
856 4 0 _3Amazon.com
_uhttp://www.amazon.com/exec/obidos/ASIN/1595581790/chopaconline-20
942 _2ddc
_cBK
999 _c15026
_d15026